000
00328nam a2200145Ia 4500
008
240830s1901 xx 000 0 und d
041
_a
eng
082
_a
0 S.K
100
_a
S.K. DEVDHAR
245
_a
BRHAMAPURAN PART - 5
260
_b
N.D.
_c
1901
650
_a
SANSKRIT SAMHITA
906
_a
N.D.
999
_c
1192939
_d
1192939